000 01065nam0a2200325 4500
001 RU\NLR\BIBL_A\011164918
005 20260406122035.0
010 _a978-5-17-092921-4
_bШкольное чтение
_92000
021 _aRU
_b2016-46379
_92984
035 _a(NILC)RuMoRGB-008511388
035 _a(NLR Aleph) 011164918
090 _a11736663
_c11736663
100 _a20160623d2016 |||y0rusy50 ca
101 0 _arus
102 _aRU
105 _ay|||z||||00ay
200 1 _aПутешествие Алисы
_e[повесть
_eдля среднего школьного возраста]
_fКир Булычев
210 _aМосква
_cАСТ
_d2016
215 _a318, [1] с.
_d21
225 1 _aШкольное чтение
333 _a6+
675 _a821.161.1-93
686 0 _aШ9(2)62=Р7-4
700 1 _8rus
_7ca
_aБулычев
_bК.
_f1934-2003
_gКир
_3RU\NLR\AUTH\77650
_9110693
801 0 _aRU
_bРГБ
_c20160606
_gRCR
942 _cBOOK
980 _aNB